Gaming Quiz

Random Gaming Quiz

What Hero Do I Main In Each Catagory? Quiz Stats

 Plays Quiz not verified by Sporcle

Support Sporcle.
Go Orange.
Score 0/7 Timer 02:00
0 Plays Today
Question Answer Wrong Answers
Which of the Offence heroes do I Main? ???
75%
???
0%
???
8.3%
???
0%
Which of the Tank heroes do I Main? ???
75%
???
0%
???
0%
???
0%
And Finally, which of the heroes did I use to Main? ???
66.7%
???
8.3%
???
0%
???
0%
Which of the Defence heroes do I Main? ???
58.3%
???
8.3%
???
0%
???
8.3%
Which of the Support heroes do I Main? ???
50%
???
8.3%
???
8.3%
???
0%
Last one, I promise. Who do I like using in Comp when not being forced? ???
45.5%
???
0%
???
9.1%
???
0%
Gotcha! Which hero am I forced to play in Comp most of the time? ???
45.5%
???
0%
???
0%
???
0%

You're not logged in!

Compare scores with friends on all Sporcle quizzes.
OR
Log In

From the Vault

Final Four and Out the Door

by Hejman

These teams made it all the way to end of the dance, but couldn't seal the deal.
Remove Ads.
Support Sporcle.
Get the best of Sporcle when you Go Orange. This ad-free experience offers more features, more stats, and more fun while also helping to support Sporcle. Thank you for becoming a member.

Show Comments

Extras

Created Feb 9, 2018ReportNominate

Top Quizzes Today


Score Distribution

Your Account Isn't Verified!

In order to create a playlist on Sporcle, you need to verify the email address you used during registration. Go to your Sporcle Settings to finish the process.

Report this User

Report this user for behavior that violates our Community Guidelines.

Details: